000 00465cam a2200193ua 4500
020 _c27.50
041 _aeng
_h
082 _a621.4021
_bBRI/HE
100 _aBrijlal, .
245 _aHeat and thermodynamics /
_cBrijlal.
_hTextual Documents
250 _a11 /
_b.
260 _aNew Delhi :
_bS.Chand and Co ,
_c1985.
300 _a487 ; .
365 _a27.50
504 _a
700 1 _aSubrahmanian, N .
942 _cBK
999 _c8923
_d8923